00500nam a22001697a 4500003000900000005001700009007000300026008004100029020001800070040002500088082001600113100002100129245005300150260004100203300002000244500006600264DO-SdBNP20221116103559.0ta110301s2019 dr 000 j spa d a9789945910292 aDO-SdBNPbspacBNPHU 4axxxxbM491i1 aMedina, Ramsés13aEl itinerario de un polizón /cRamsés Medina aSanto Domingo :bLuz de Luna,c2019. a78 p. :c21 cm. aIncluye datos biográficos del autor en la contra portada.